Online Catalogue and eLibrary

Ethirkala ilakkiyamum kalviyum (Record no. 4382)

MARC details
000 -LEADER
fixed length control field 00343nam a2200145Ia 4500
005 - DATE AND TIME OF LATEST TRANSACTION
control field 20250508043935.0
008 - FIXED-LENGTH DATA ELEMENTS--GENERAL INFORMATION
fixed length control field 240331s9999 xx 000 0 und d
082 ## - DDC Classification
Item Number - Author Mark CHA
Class No. 891
100 ## - MAIN ENTRY--PERSONAL NAME
Personal name Chandra Bose,
245 #0 - TITLE STATEMENT
Title Ethirkala ilakkiyamum kalviyum
260 ## - PUBLICATION, DISTRIBUTION, ETC.
Place of publication, distribution, etc. Thanjavur
Name of publisher, distributor, etc. Akaram
Date of publication, distribution, etc. 2003
300 ## - PHYSICAL DESCRIPTION
Extent (e.g. Volumes, Pages etc.) 128 p .,
650 ## - SUBJECT ADDED ENTRY--TOPICAL TERM
Topical term or geographic name entry element Essays
942 ## - Koha item type (Biblio)
Koha item type Books in Stacks (Lending)
Holdings
Lost status Damaged status Collection code Home library Current library Shelving location Date acquired Full call number Accession Number Item type
    Lending WERC Library WERC Library Social Science Cupboard 03/31/2024 894.811 CHA 4972 Books in Stacks (Lending)

© WERC Library